000
00303nam a22001337a 4500
008
170605b xxu||||| |||| 00| 0 eng d
020
_a
9780312409005
041
_a
eng
080
_2
3ED
_a
94
100
_a
18
101
_a
SHH
245
_a
READIND THE AMERICAN PAST
_c
JOHNSON.M.P
942
_2
udc
_c
BK
999
_c
15991
_d
15991